[Event "VIE-ch"]
[Site "Hanoi"]
[Date "2020.10.08"]
[Round "5"]
[White "Le, Tuan Minh"]
[Black "Pham, Chuong"]
[Result "1-0"]
[WhiteElo "2501"]
[BlackElo "2361"]
[PlyCount "82"]
[EventDate "2020.10.05"]
[EventType "swiss"]
[EventRounds "9"]
[EventCountry "VIE"]
[SourceTitle "EXT 2022"]
[Source "ChessBase"]
[SourceDate "2021.10.06"]
[SourceVersion "1"]
[SourceVersionDate "2021.10.06"]
[SourceQuality "1"]

1. d4 d5 2. c4 e6 3. Nc3 Be7 4. cxd5 exd5 5. Qc2 c6 6. Bf4 Bd6 7. Bg3 Ne7 8. e3 Bf5 9. Qb3 Bxg3 10. hxg3 Qb6 11. Nf3 h6 12. Be2 Na6 13. Nd2 Bg6 14. 0-0 Nc7 15. Qa3 Ne6 16. b4 h5 17. Nf3 Bf5 18. b5 g5 19. bxc6 bxc6 20. Ne5 f6 21. Nxd5 Nxd5 22. Nc4 Qb4 23. Nd6+ Kd7 24. Qxb4 Nxb4 25. Nxf5 Rab8 26. Rfc1 g4 27. Bc4 Ng5 28. Nh4 Ne4 29. Ng6 Rh6 30. Nf4 Kd6 31. a3 Nd5 32. Bd3 f5 33. Ra2 Rb6 34. Rac2 h4 35. gxh4 Rxh4 36. Ng6 Rh7 37. Ne5 g3 38. Bxe4 fxe4 39. Nc4+ Kd7 40. fxg3 Rh6 41. g4 Rb3 1-0

[Event "VIE-ch"]
[Site "Hanoi"]
[Date "2020.10.06"]
[Round "2"]
[White "Pham, Chuong"]
[Black "Nguyen, Huynh Minh Thien"]
[Result "1-0"]
[WhiteElo "2361"]
[BlackElo "2040"]
[PlyCount "86"]
[EventDate "2020.10.05"]
[EventType "swiss"]
[EventRounds "9"]
[EventCountry "VIE"]
[SourceTitle "EXT 2022"]
[Source "ChessBase"]
[SourceDate "2021.10.06"]
[SourceVersion "1"]
[SourceVersionDate "2021.10.06"]
[SourceQuality "1"]

1. d4 Nf6 2. c4 g6 3. Nc3 d5 4. cxd5 Nxd5 5. e4 Nxc3 6. bxc3 Bg7 7. Nf3 c5 8. Be3 Qa5 9. Qd2 cxd4 10. cxd4 Qxd2+ 11. Bxd2 0-0 12. Rc1 Rd8 13. Bc4 Bg4 14. Ne5 Bxe5 15. dxe5 Nc6 16. f3 Be6 17. Bxe6 fxe6 18. Bc3 Rd3 19. Ke2 Rad8 20. Rc2 b5 21. Rb1 a6 22. a4 Kf7 23. axb5 axb5 24. h4 R8d7 25. g4 b4 26. Ba1 Na5 27. Rxb4 Rd1 28. Bc3 Nc6 29. Rb6 Rh1 30. Ke3 Nd8 31. Rb8 Kg7 32. h5 gxh5 33. gxh5 Kh6 34. Rg2 Kxh5 35. Bd2 h6 36. Ke2 Nf7 37. f4 Ra1 38. Rbg8 Ng5 39. Rh2+ Kg4 40. Rxh6 Rxd2+ 41. Kxd2 Kxf4 42. Rh4+ Kxe5 43. Rxg5+ Kd4 1-0

[Event "VIE-chT"]
[Site "Bac Giang"]
[Date "2020.06.10"]
[Round "7.1"]
[White "Pham, Chuong"]
[Black "Tran, Minh Thang"]
[Result "1/2-1/2"]
[WhiteElo "2361"]
[BlackElo "2335"]
[PlyCount "24"]
[EventDate "2020.06.06"]
[EventType "swiss"]
[EventRounds "9"]
[EventCountry "VIE"]
[SourceTitle "CBM 197 Extra"]
[Source "ChessBase"]
[SourceDate "2020.09.30"]
[SourceVersion "1"]
[SourceVersionDate "2020.09.30"]
[SourceQuality "1"]

1. d4 d5 2. c4 c6 3. Nf3 Nf6 4. e3 Bf5 5. cxd5 cxd5 6. Ne5 Bc8 7. Bd2 e6 8. Qa4+ Nfd7 9. Na3 Be7 10. Rc1 0-0 11. Nxd7 Bxd7 12. Qb3 Nc6 1/2-1/2

[Event "VIE-chT"]
[Site "Bac Giang"]
[Date "2020.06.07"]
[Round "3.3"]
[White "Pham, Chuong"]
[Black "Nguyen, Hoang Nam1111"]
[Result "1-0"]
[WhiteElo "2361"]
[BlackElo "2257"]
[PlyCount "69"]
[EventDate "2020.06.06"]
[EventType "swiss"]
[EventRounds "9"]
[EventCountry "VIE"]
[SourceTitle "CBM 197 Extra"]
[Source "ChessBase"]
[SourceDate "2020.09.30"]
[SourceVersion "1"]
[SourceVersionDate "2020.09.30"]
[SourceQuality "1"]

1. d4 Nf6 2. c4 e6 3. g3 c5 4. d5 exd5 5. cxd5 Bd6 6. Nc3 Bc7 7. d6 Ba5 8. Bg2 Nc6 9. Nf3 Ne4 10. Qd3 Nxc3 11. bxc3 Qf6 12. 0-0 0-0 13. Ng5 Qg6 14. Qd5 Kh8 15. Qxc5 b6 16. Qa3 Ba6 17. Re1 Rac8 18. Bf4 Rfe8 19. e4 Ne5 20. Bxe5 Rxe5 21. f4 Rxc3 22. Qa4 Bb5 23. Qd4 Rec5 24. e5 R3c4 25. Qe3 Bxe1 26. Rxe1 Rc3 27. Qd2 Rc2 28. Qd1 Bc6 29. Bxc6 Rxc6 30. Qd5 Kg8 31. e6 dxe6 32. Nxe6 Kh8 33. Nd8 h6 34. Nxc6 Rxc6 35. Qxc6 1-0

[Event "ASEAN-ch 4th"]
[Site "Bac Giang"]
[Date "2019.11.01"]
[Round "9"]
[White "Pham, Chuong"]
[Black "Nguyen, Huynh Minh Thien"]
[Result "1-0"]
[WhiteElo "2390"]
[BlackElo "2014"]
[PlyCount "82"]
[EventDate "2019.10.25"]
[EventType "swiss"]
[EventRounds "9"]
[EventCountry "VIE"]
[SourceTitle "CBM 192 Extra"]
[Source "Chessbase"]
[SourceDate "2019.11.06"]
[SourceVersion "1"]
[SourceVersionDate "2019.11.06"]
[SourceQuality "1"]

1. d4 Nf6 2. c4 g6 3. Nc3 d5 4. cxd5 Nxd5 5. e4 Nxc3 6. bxc3 Bg7 7. Nf3 c5 8. Be3 Nc6 9. Rc1 cxd4 10. cxd4 Qa5+ 11. Bd2 Qxa2 12. d5 Ne5 13. Nxe5 Bxe5 14. Bb5+ Bd7 15. Bxd7+ Kxd7 16. Qg4+ e6 17. Rd1 Rhc8 18. 0-0 Ke8 19. Qh4 h5 20. Bb4 Rc7 21. f4 Bg7 22. f5 Qb2 23. d6 Rd7 24. fxe6 fxe6 25. Qg5 Qxb4 26. Qxg6+ Kd8 27. Qxe6 Bd4+ 28. Kh1 Qxd6 29. Qg8+ Kc7 30. Qxa8 a6 31. Rb1 b5 32. Rf8 Kb6 33. Rb8+ Kc5 34. Rc8+ Kb6 35. Rb8+ Kc5 36. Rd1 Kb4 37. Rc8 Qf6 38. Rb1+ Bb2 39. Rc2 Ka5 40. Rc6 Qd4 41. Qxa6+ Kb4 1-0

[Event "ASEAN-ch 4th"]
[Site "Bac Giang"]
[Date "2019.10.26"]
[Round "3"]
[White "Pham, Chuong"]
[Black "Le, Minh Hoang"]
[Result "1/2-1/2"]
[WhiteElo "2390"]
[BlackElo "2280"]
[PlyCount "107"]
[EventDate "2019.10.25"]
[EventType "swiss"]
[EventRounds "9"]
[EventCountry "VIE"]
[SourceTitle "CBM 192 Extra"]
[Source "Chessbase"]
[SourceDate "2019.11.06"]
[SourceVersion "1"]
[SourceVersionDate "2019.11.06"]
[SourceQuality "1"]

1. d4 d5 2. c4 c6 3. Nf3 Nf6 4. e3 Bf5 5. Nc3 a6 6. Be2 e6 7. Nh4 Be4 8. f3 Bg6 9. Nxg6 hxg6 10. g3 Nbd7 11. Bd2 dxc4 12. Bxc4 c5 13. Ne2 cxd4 14. exd4 Rc8 15. Bb3 Bd6 16. 0-0 0-0 17. Nf4 Bxf4 18. Bxf4 Nd5 19. Bxd5 exd5 20. Qd2 Qb6 21. Rad1 Rfe8 22. Rfe1 Rxe1+ 23. Rxe1 Nf8 24. Kg2 Ne6 25. Be3 Rc6 26. Bf2 Qb5 27. Re5 f6 28. Re3 Qb6 29. h4 Kf7 30. Re2 Qb5 31. b3 Rc8 32. Re1 Rc6 33. Rh1 Rc8 34. h5 gxh5 35. Rxh5 Ng5 36. Be3 Rc1 37. Qf2 Rd1 38. Bxg5 fxg5 39. Rh1 Rxh1 40. Kxh1 Qd3 41. Kg2 b5 42. Kh3 Kf6 43. Kg2 g6 44. Kh2 a5 45. Kg2 Kf7 46. Kh2 a4 47. bxa4 bxa4 48. Qb2 Qxf3 49. Qb7+ Kf6 50. Qc6+ Kg7 51. Qd7+ Kh6 52. Qh3+ Kg7 53. Qd7+ Kh6 54. Qh3+ 1/2-1/2

[Event "VIE-chT"]
[Site "Ho Chi Minh City"]
[Date "2019.09.29"]
[Round "6.2"]
[White "Tran, Manh Tien"]
[Black "Pham, Chuong"]
[Result "1-0"]
[WhiteElo "2275"]
[BlackElo "2390"]
[PlyCount "87"]
[EventDate "2019.09.26"]
[EventType "team-swiss"]
[EventRounds "9"]
[EventCountry "VIE"]
[SourceTitle "EXT 2020"]
[Source "ChessBase"]
[SourceDate "2019.10.17"]
[SourceVersion "1"]
[SourceVersionDate "2019.10.17"]
[SourceQuality "1"]

1. d4 d5 2. c4 e6 3. Nc3 Be7 4. Bf4 Nf6 5. e3 0-0 6. Nf3 b6 7. Bd3 c5 8. 0-0 Bb7 9. Rc1 Nbd7 10. cxd5 cxd4 11. d6 Bxf3 12. gxf3 e5 13. dxe7 Qxe7 14. Bg5 dxc3 15. Rxc3 Qe6 16. Kh1 Rac8 17. Ra3 Rc7 18. Rg1 Rfc8 19. Ba6 Rc1 20. Qxc1 Rxc1 21. Rxc1 h6 22. Bh4 g5 23. Bg3 h5 24. Bc4 Qd6 25. h4 g4 26. fxg4 hxg4 27. Rd3 Qb4 28. Kg1 Qxb2 29. Rcd1 Nc5 30. Rd8+ Kg7 31. Rc8 Nce4 32. Rc7 Nxg3 33. Rxf7+ Kg6 34. fxg3 Qa3 35. Bb3 Qc5 36. Kg2 a5 37. Rd2 a4 38. Rf2 Qc6+ 39. Kh2 Nh5 40. Bd1 Qe6 41. Bxa4 e4 42. R7f5 Kh6 43. Rg5 Nf6 44. Bd1 1-0

[Event "VIE-chT"]
[Site "Ho Chi Minh City"]
[Date "2019.09.28"]
[Round "4.3"]
[White "Nguyen, Tuan Loc"]
[Black "Pham, Chuong"]
[Result "0-1"]
[WhiteElo "2208"]
[BlackElo "2390"]
[PlyCount "72"]
[EventDate "2019.09.26"]
[EventType "team-swiss"]
[EventRounds "9"]
[EventCountry "VIE"]
[SourceTitle "EXT 2020"]
[Source "ChessBase"]
[SourceDate "2019.10.17"]
[SourceVersion "1"]
[SourceVersionDate "2019.10.17"]
[SourceQuality "1"]

1. Nf3 Nf6 2. d4 d5 3. c4 e6 4. Nc3 Be7 5. Bg5 0-0 6. e3 h6 7. Bxf6 Bxf6 8. Bd3 b6 9. 0-0 Bb7 10. cxd5 exd5 11. Rc1 c5 12. Bb1 Na6 13. Qb3 Rb8 14. Rfd1 g6 15. a3 Bg7 16. Qa2 Nc7 17. b4 c4 18. e4 dxe4 19. Bxe4 b5 20. a4 a6 21. axb5 axb5 22. Qa7 Bxe4 23. Nxe4 Nd5 24. Qc5 Nf4 25. Rc2 Re8 26. Nc3 Nd3 27. Qd5 Nxb4 28. Qxd8 Rexd8 29. Rb2 Nd5 30. Nxb5 c3 31. Rb3 c2 32. Rc1 Rxb5 33. Rxb5 Nc3 34. Rb2 Ne2+ 35. Kf1 Nxc1 36. Rxc2 Nb3 0-1